00728nam a2200157Ia 4500003000400000005001700004008004000021040000700061041000800068082001600076100001500092245002700107260005000134300000900184520037700193OSt20260306112600.0210210b1941 xxu||||| |||| 00| 0 eng d cAL aeng a823.91 JOHB aJohns, W E aBiggles hits the trail aUnited KingdombOxford University Pressc1941 a160p aWhilst celebrating Ginger's award of his pilot's licence, an SOS on B.B.C. radio asks for Major James Bigglesworth to contact his Uncle, Professor Richard Bigglesworth. This is of course, Dickpa, previously seen in the story 'The Cruise of the Condor'. Visiting Dickpa at his house, they find him and his friend Lord Roger Maltenham, under attack from mysterious enemies.